000 00463nam a22001691a 4500
001 3955
003 OSt
005 20260204211910.0
008 050530s1986||||dr ||||||b||||||||||spa||
050 _aRD 338.05 H629e
245 _aHistoria de la estructura universitaria 1538- 1985 / Ismael Paniagua
264 _aSanto Domingo : UASD
300 _a326 p
650 _a1.Universidades Públicas 2.UASD - Historia
700 _aPaniagua, IsmaelÌ
942 _2ddc
_cBK
999 _c3955
_d3955